Stacje i przystanki PKP PLK w łódzkim - Statystyki

Ogólne statystyki
  • Ten quiz został rozwiązany 5 razy
    4 od ostatniego zresetowania
  • Średni wynik to 68 z 159
Statystyki odpowiedzi
Stacja % Poprawnych
Koluszki
100%
Kutno
100%
Łask
100%
Łęczyca
100%
Łódź Chojny
100%
Łódź Kaliska
100%
Łódź Widzew
100%
Łódź Żabieniec
100%
Łowicz Główny
100%
Opoczno
100%
Ozorków
100%
Pabianice
100%
Rokiciny
100%
Sieradz
100%
Stryków
100%
Tomaszów Mazowiecki
100%
Wieluń
100%
Zduńska Wola
100%
Baby
75%
Głowno
75%
Jarosty
75%
Łowicz Przedmieście
75%
Piotrków Trybunalski
75%
Skierniewice
75%
Zgierz
75%
Żychlin
75%
Bedoń
50%
Błaszki
50%
Chrusty Nowe
50%
Domaniewice
50%
Domaniewice Centrum
50%
Drzewica
50%
Gałkówek
50%
Glinnik
50%
Glinnik Wieś
50%
Jackowice
50%
Kamień Łowicki
50%
Krosnowa
50%
Kutno Azory
50%
Łaznów
50%
Lipce Reymontowskie
50%
Łódź Andrzejów
50%
Łódź Andrzejów Szosa
50%
Łódź Arturówek
50%
Łódź Dąbrowa
50%
Łódź Lublinek
50%
Łódź Marysin
50%
Łódź Niciarniana
50%
Łódź Olechów Zachód
50%
Łódź Pabianicka
50%
Łódź Radogoszcz Wschód
50%
Łódź Retkinia
50%
Łódź Stoki
50%
Łódź Zarzew
50%
Maków
50%
Moszczenica
50%
Niedźwiada Łowicka
50%
Nowe Kutnowskie
50%
Opoczno Południe
50%
Ozorków Nowe Miasto
50%
Płyćwia
50%
Przyłęk Duży
50%
Raciborów Kutnowski
50%
Radzice
50%
Rogów
50%
Sklęczki
50%
Smardzew
50%
Tomaszów Mazowiecki Białobrzegi
50%
Wągry
50%
Witonia
50%
Wolbórka
50%
Zduńska Wola Karsznice
50%
Zgierz Północ
50%
Zgierz Rudunki
50%
Złotniki Kutnowskie
50%
Zosinów
50%
Antoniów
25%
Bednary
25%
Bełchów
25%
Biała Szlachecka
25%
Bobrowniki
25%
Bobry
25%
Borszewice
25%
Bratków
25%
Brzustów
25%
Chechło
25%
Chociszew
25%
Chociw Łaski
25%
Chorzew Siemkowice
25%
Dąbrowice Skierniewickie
25%
Dęba Opoczyńska
25%
Dobroń
25%
Dubidze
25%
Dubidze-Kolonia
25%
Działoszyn
25%
Dzietrzniki
25%
Gawrony
25%
Gomunice
25%
Gorzędów
25%
Gorzkowice
25%
Grotniki
25%
Huta
25%
Izabelów
25%
Jedlicze koło Zgierza
25%
Jeleń
25%
Justynów
25%
Kamieńsk
25%
Kolumna
25%
Kozuby
25%
Krzewie
25%
Łódź Olechów Wiadukt
25%
Łódź Olechów Wschód
25%
Łódź Radogoiszcz Zachód
25%
Łódź Warszawska
25%
Luciążanka
25%
Męcka Wola
25%
Milejów
25%
Mokra
25%
Nowa Brzeźnica
25%
Pabianice Północne
25%
Pątnów Wieluński
25%
Petrykozy
25%
Rozprza
25%
Rusiec Łódzki
25%
Sędzice
25%
Siedlce Łaskie
25%
Sieradz Męka
25%
Sieradz Warta
25%
Sierakowice Skierniewickie
25%
Sierpów
25%
Sitowa
25%
Skalmierz
25%
Skrzynki
25%
Słomianka
25%
Słotwiny
25%
Strzelce Kujawskie
25%
Swędów
25%
Szadkowice
25%
Tomaszówek
25%
Ważne Młyny
25%
Wieluń Dąbrowa
25%
Wieruszów Miasto
25%
Wilkoszewice
25%
Wistka
25%
Wykno
25%
Żakowice Południowe
25%
Zaosie
25%
Zduńska Wola Południowa
25%
Zgierz Jaracza
25%
Zgierz Kontrewers
25%
Bartoszewice
0%
Dobroszyce koło Radomska
0%
Jasionna Łowicka
0%
Kęszyce
0%
Mysłaków
0%
Ostrowy
0%
Skierniewice Rawka
0%
Spała
0%
Stare Gudze
0%
Nie znaleziono quizów pasujących do podanych kryteriów
Rozkład punktacji
Procent ludzi z każdym wynikiem
Percentyl według liczby udzielonych odpowiedzi
Twoja historia wyników
Nie rozwiązałeś tego quizu od ostatniego zresetowania